Método de corte y confección de prendas de vestir para señora y lencería para caballero / por Carmen Ruiz y Alá
Descripción Física:
65 p. : il. ; 23 cm
Materias:
Tall i confecció -- Patrons -- Disseny
MARC
| LEADER | 00000nam a2200000Ia 4500 | ||
|---|---|---|---|
| 001 | 20174 | ||
| 008 | 160829s1877 xx 000 0 cat d | ||
| 080 | |a B-2-154 | ||
| 100 | |a Ruiz Alá, Carmen |9 47625 | ||
| 245 | |a Método de corte y confección de prendas de vestir para señora y lencería para caballero / por Carmen Ruiz y Alá | ||
| 260 | |a Barcelona : |b Tipo-litografía de Celestino Verdaguer, |c 1877 | ||
| 300 | |a 65 p. : |b il. ; |c 23 cm | ||
| 590 | |a En mal estat de conservació. | ||
| 590 | |a Carmen Ruiz va ser professora i directora del Colegio de Nuestra Señora del Carmen de Barcelona abans de fundar l'any 1881 l'Escola de la Dona. | ||
| 590 | |a Prové de 2279, exp. 37 | ||
| 650 | |a Tall i confecció |x Patrons |x Disseny |9 47626 | ||
| 901 | |a Arxiu | ||
| 942 | |n 1 | ||
| 952 | |0 0 |1 0 |4 0 |6 B2154 |7 1 |9 54009 |a Arxiu |b Arxiu |d 2016-12-01 |l 0 |o B-2-154 |p 20174 |r 2016-12-01 00:00:00 |w 2016-12-01 |y ARXIU | ||
| 999 | |c 57877 |d 57877 | ||